Una familia de bandidos en 1793 (Record no. 188864)

MARC details
000 -LEADER
campo de control de longitud fija 00664nam a2200205 i 4500
001 - NÚMERO DE CONTROL
campo de control 188864
003 - IDENTIFICADOR DE NÚMERO DE CONTROL
campo de control SpMaBN
005 - FECHA Y HORA DE LA ÚLTIMA TRANSACCIÓN
campo de control 20251015063158.0
008 - DATOS DE LONGITUD FIJA--INFORMACIÓN GENERAL
campo de control de longitud fija 190219s2008 sp |||| | spa d
020 ## - NÚMERO INTERNACIONAL ESTÁNDAR DEL LIBRO
Número Internacional Estándar del Libro 978-84-936787-1-5
080 ## - NÚMERO DE LA CLASIFICACIÓN DECIMAL UNIVERSAL
Número de la Clasificación Decimal Universal 821.133.1-31"18"
100 1# - ENTRADA PRINCIPAL--NOMBRE DE PERSONA
Nombre de persona Charruau, Jean,
Fechas asociadas al nombre 1851-1915
9 (RLIN) 166377
245 14 - MENCIÓN DEL TÍTULO
Título Una familia de bandidos en 1793
Resto del título : relato de una abuela /
Mención de responsabilidad, etc. Juan Charruau ; [traducción, Ricardo Rochel].
250 ## - MENCION DE EDICION
Mención de edición 1ª ed.
260 ## - PUBLICACIÓN, DISTRIBUCIÓN, ETC.
Lugar de publicación, distribución, etc. Larraya, Navarra :
Nombre del editor, distribuidor, etc. Gaudete,
Fecha de publicación, distribución, etc. 2008.
300 ## - DESCRIPCIÓN FÍSICA
Extensión 298 p. ;
Dimensiones 21 cm.
852 ## - LOCALIZACIÓN
Ubicación ES-MaACL
Número de control de estantería A-14368
itemnumber 195998
Sublocalización o colección R.151563
Ubicación en estantería Depósito 1
Signatura antigua Olim: N-7368
942 ## - ELEMENTOS DE ENTRADA SECUNDARIOS (KOHA)
Fuente del sistema de clasificación o colocación Clasificación decimal universal
Holdings
Estatus retirado Estado de pérdida Fuente del sistema de clasificación o colocación Estado de daño No para préstamo Biblioteca de origen Biblioteca actual Ubicación en estantería Fecha de adquisición Fuente de adquisición Total de préstamos Signatura topográfica completa Código de barras Visto por última vez Precio de reemplazo Tipo de ítem Koha
    Clasificación decimal universal     Biblioteca del Ateneo de Madrid Biblioteca del Ateneo de Madrid Depósito 1 19/02/2019 Donación   A-14368 1200000 23/02/2023 23/02/2023 Libro impreso